[Event "Montevideo op 8th"]
[Site "Montevideo"]
[Date "2025.02.06"]
[Round "7"]
[White "Gonzalez Prestes, Marcos"]
[Black "Porteiro, Rodrigo"]
[Result "1/2-1/2"]
[WhiteElo "1596"]
[BlackElo "1815"]
[PlyCount "62"]
[EventDate "2025.01.31"]
[EventType "swiss"]
[EventRounds "9"]
[EventCountry "URU"]
[SourceTitle "CB08_2025"]
[SourceDate "2025.02.19"]
[SourceVersion "1"]
[SourceVersionDate "2025.02.19"]
[SourceQuality "1"]

1. d4 d5 2. Nf3 Nf6 3. Bf4 c5 4. e3 cxd4 5. exd4 Bg4 6. Be2 e6 7. c3 Nc6 8. Nbd2 Bd6 9. Ne5 Bf5 10. Ndf3 h6 11. 0-0 Qc7 12. Re1 Ne4 13. Nxc6 Bxf4 14. Nce5 f6 15. Nd3 Bd6 16. Bf1 g5 17. g3 h5 18. Nc5 Bxc5 19. dxc5 Qxc5 20. Qd4 Kf7 21. Rxe4 Qc7 22. Re2 Be4 23. Nd2 e5 24. Qa4 Bf5 25. Bg2 e4 26. f3 Bd7 27. Qd4 Rae8 28. fxe4 h4 29. Rf1 Rh6 30. Qf2 hxg3 31. hxg3 Bb5 1/2-1/2

[Event "Montevideo op 8th"]
[Site "Montevideo"]
[Date "2025.02.02"]
[Round "3"]
[White "Gonzalez Prestes, Marcos"]
[Black "Dominguez, Sebastian"]
[Result "1-0"]
[WhiteElo "1596"]
[BlackElo "1708"]
[PlyCount "51"]
[EventDate "2025.01.31"]
[EventType "swiss"]
[EventRounds "9"]
[EventCountry "URU"]
[SourceTitle "CB08_2025"]
[SourceDate "2025.02.19"]
[SourceVersion "1"]
[SourceVersionDate "2025.02.19"]
[SourceQuality "1"]

1. d4 d5 2. Nf3 Nf6 3. Bf4 c5 4. c3 Bf5 5. e3 Qb6 6. dxc5 Qxb2 7. Nbd2 Qxc3 8. Rc1 Qa5 9. Qb3 Bc8 10. Nd4 Nc6 11. Bb5 Ne4 12. Rc2 Bd7 13. Qxd5 Nc3 14. Qb3 Nxb5 15. Nxb5 e5 16. 0-0 exf4 17. Nc4 Be6 18. Nbd6+ Bxd6 19. Nxd6+ Ke7 20. Qxb7+ Bd7 21. Nf5+ Kf6 22. Qxd7 Ne5 23. Qe7+ Kg6 24. Qxe5 f6 25. Qxf4 Kf7 26. Nd6+ 1-0

[Event "URU-ch U20"]
[Site "Montevideo"]
[Date "2024.05.19"]
[Round "6"]
[White "Gonzalez Prestes, Marcos"]
[Black "Vigo, Luis"]
[Result "1/2-1/2"]
[WhiteElo "1566"]
[BlackElo "1595"]
[PlyCount "57"]
[EventDate "2024.05.17"]
[EventType "swiss"]
[EventRounds "6"]
[EventCountry "URU"]
[SourceTitle "CBM 220 Extra"]
[Source "ChessBase"]
[SourceDate "2024.07.31"]
[SourceVersion "1"]
[SourceVersionDate "2024.07.31"]
[SourceQuality "1"]

1. e4 e5 2. Nf3 Nc6 3. Bb5 Nf6 4. 0-0 Bc5 5. Nc3 d6 6. d4 exd4 7. Nxd4 Bd7 8. Nxc6 bxc6 9. Bc4 h6 10. Bb3 a6 11. Qd3 0-0 12. Be3 Ba7 13. Bxa7 Rxa7 14. f4 Be6 15. Ne2 d5 16. e5 Ne4 17. Nd4 Qb8 18. Nxc6 Qb6+ 19. Qd4 Qxc6 20. Qxa7 Nc5 21. Ba4 Nxa4 22. Qd4 Qb6 23. Qxb6 Nxb6 24. b3 Bf5 25. Kf2 Rd8 26. Rad1 c6 27. Rd2 c5 28. h3 Rd7 29. Rg1 1/2-1/2

[Event "URU-ch U20"]
[Site "Montevideo"]
[Date "2024.05.19"]
[Round "5"]
[White "Tessadri, Lucca"]
[Black "Gonzalez Prestes, Marcos"]
[Result "1/2-1/2"]
[WhiteElo "1618"]
[BlackElo "1566"]
[PlyCount "61"]
[EventDate "2024.05.17"]
[EventType "swiss"]
[EventRounds "6"]
[EventCountry "URU"]
[SourceTitle "CBM 220 Extra"]
[Source "ChessBase"]
[SourceDate "2024.07.31"]
[SourceVersion "1"]
[SourceVersionDate "2024.07.31"]
[SourceQuality "1"]

1. e4 e6 2. d4 d5 3. Nd2 dxe4 4. Nxe4 Nd7 5. Nf3 Ngf6 6. Bg5 Be7 7. Bd3 Nxe4 8. Bxe7 Qxe7 9. Bxe4 Nf6 10. Nd2 Nxe4 11. Nxe4 Qb4+ 12. c3 Qxb2 13. 0-0 Qa3 14. Qd3 Qe7 15. d5 0-0 16. d6 cxd6 17. Nxd6 Bd7 18. Nxb7 Bc6 19. Na5 Rac8 20. Nb3 Qg5 21. Qh3 Bd5 22. Rac1 a5 23. Nxa5 Ra8 24. c4 Rxa5 25. cxd5 Qxd5 26. a3 h6 27. Rfd1 Qe5 28. Qc3 Rfa8 29. Qxe5 Rxe5 30. Rc3 Rea5 31. Rdd3 1/2-1/2